|
|
|
|
| LEADER |
00000nkm a2200000 a 4500 |
| 001 |
vtls011985985 |
| 003 |
SK-MaSNL |
| 005 |
20260331212322.0 |
| 007 |
kf bo |
| 008 |
230706q1905 xr g kuslo |
| 015 |
|
|
|a SNBG
|
| 035 |
|
|
|a urn:nbn:sk:snk-km00ehur
|
| 035 |
|
|
|a urn:nbn:sk:snk-km45xmc
|
| 035 |
|
|
|a C36BC518-303D-4FC4-BF98-B9FDE0D55ABC
|
| 040 |
|
|
|a SNK
|b slo
|c SNK
|e AACR2
|
| 041 |
0 |
|
|a slo
|
| 043 |
|
|
|a e-xo---
|
| 044 |
|
|
|a xr
|c CZ
|
| 072 |
|
7 |
|a 913
|x Regionálna geografia
|2 konspekt
|
| 080 |
|
|
|a 913(437.6)
|2 2011
|
| 080 |
|
|
|a 728.82
|2 2011
|
| 080 |
|
|
|a (084.121)
|2 2011
|
| 080 |
|
|
|a 728.1-021.412.1
|2 2011
|
| 080 |
|
|
|a 725.94
|2 2011
|
| 080 |
|
|
|a 711.61
|2 2011
|
| 080 |
|
|
|a 712.253
|2 2011
|
| 080 |
|
|
|a 726:27-523.42
|2 2011
|
| 080 |
|
|
|a 725.945
|2 2011
|
| 080 |
|
|
|a 7.027.1
|2 2011
|
| 100 |
1 |
|
|a Císař
|c (fotograf)
|4 pht
|9 361904
|
| 245 |
1 |
0 |
|a Želiezovce
|h grafika
|c foto: Císař
|
| 246 |
1 |
|
|i Názov na obrazovej časti:
|a Želiezovce
|
| 260 |
|
|
|a Praha
|b Technické služby K. M.
|c [medzi 1905 a 1973?]
|
| 300 |
|
|
|a 1 pohľadnica (5 čiastkových pohľadov)
|b čiernobiela
|c 11 x 23 cm
|
| 520 |
8 |
|
|a Zobrazenie: Päť čiastkových pohľadov na bielom podklade. Pohľad na kaštieľ. Pohľad na Soví dom - múzeum. Pohľad na námestie z výšky, vpravo vidno medzi budovami kostol, vpozadí je park. Pohľad na pamätník s bustou Franza Schuberta. Pohľad na pamätnú tabuľu s nápisom: "Tu žil hudobný skladateľ Franz Schubert v r. 1818-1824"
|
| 600 |
1 |
7 |
|a Schubert, Franz,
|d 1797-1828
|2 SNKMA
|9 106880
|
| 650 |
0 |
7 |
|a kaštiele
|2 SNKPH
|9 28599
|
| 650 |
0 |
7 |
|a významné domy
|2 SNKPH
|9 121884
|
| 650 |
0 |
7 |
|a pamätné tabule
|2 SNKPH
|9 29445
|
| 650 |
0 |
7 |
|a námestia
|2 SNKPH
|9 26291
|
| 650 |
0 |
7 |
|a parky
|2 SNKPH
|9 2942
|
| 650 |
0 |
7 |
|a kostoly
|2 SNKPH
|9 3023
|
| 650 |
0 |
7 |
|a pamätníky
|2 SNKPH
|9 25601
|
| 650 |
0 |
7 |
|a busty
|2 SNKPH
|9 29694
|
| 651 |
|
7 |
|a Želiezovce (Slovensko)
|2 SNKPHgeo
|9 58700
|
| 655 |
|
7 |
|a miestne pohľadnice
|2 SNKPH
|9 70510
|
| 852 |
|
|
|a Slovenská národná knižnica
|
| 958 |
|
|
|a GC
|
| 958 |
|
|
|a GBN
|
| 958 |
|
|
|a OND
|
| 999 |
|
|
|c 608934
|d 610864
|
| 952 |
|
|
|a SNK
|b SNK
|y PREZ
|7 0
|p 17A1275247
|o snkSP 45635
|0 0
|1 0
|4 0
|d 2020-08-07
|f 1
|l 0
|r 2026-02-23 16:16:28
|w 2026-02-23
|